000 00639nam a2200253 a 4500
003 AR-BaBNM
005 20251128203550.0
008 082120s2002 ||||||||||||||000 | spa||
040 _cAR-BaBNM
100 1 _aCassel, Gustav
245 0 0 _aEconomía social teórica
260 _aMadrid
_bAguilar
_c1954
300 _a594 p.
_btablas
500 _aIndice alfabético p. 589-594
650 4 _aECONOMIA
650 4 _aFACTORES DE PRODUCCION
650 4 _aPRECIOS
650 4 _aCOMERCIO INTERNACIONAL
650 4 _aCOMERCIO
653 _aECONOMIA POLITICA
700 1 _aParedes, Miguel
_etraductor
942 _cBK
998 _cCasco
999 _c3956
_d3956